00514nam a22001697a 450000500170000001000150001702000260003203500130005803700130007108200120008410000160009624500540011226000500016627000450021630000330026150000500029420140702123956.0 aENG-109751 a9788173816383c635.00 aEN-93284 bDBAD/PUB a624.171 aSinha, N.C.00aElements of structural analysis /cby N. C. Sinha aKolkatabNew Central Book Agencyc2013(repr.) a8/1 Chintamoni Das LanebKolkatae700009 axv,1001p. :c25cm(pbk)bill. aIncludes bibliographical references and index